00447nam a22001457a 4500008004100000040005500041080001800096100001900114245006900133260003900202300001000241650001200251653001500263700002300278230614b |||||||| |||| 00| 0 eng d aNational Science LibrarycNational Science Library a629.1.035bK2 aPaushkin, Ya M aChemical composition and properties of fuels for jet propulsion  aLondon: b Pergamon Press, c1962 a800p. aScience aChemistry  aMullins, B P (Ed.)